KOHA-Header-6

Essentials of Business Communication (Record no. 692)

000 -LEADER
fixed length control field 00385nam a2200157Ia 4500
003 - CONTROL NUMBER IDENTIFIER
control field OSt
005 - DATE AND TIME OF LATEST TRANSACTION
control field 20190925192108.0
008 - FIXED-LENGTH DATA ELEMENTS--GENERAL INFORMATION
fixed length control field 190722s9999 xx 000 0 und d
020 ## - INTERNATIONAL STANDARD BOOK NUMBER
International Standard Book Number 978-981-4227-90-2
040 ## - CATALOGING SOURCE
Transcribing agency maju
100 ## - MAIN ENTRY--PERSONAL NAME
Personal name Mary Ellen Guffey
245 #0 - TITLE STATEMENT
Title Essentials of Business Communication
260 ## - PUBLICATION, DISTRIBUTION, ETC. (IMPRINT)
Place of publication, distribution, etc Asia
Name of publisher, distributor, etc Cengage learning
Date of publication, distribution, etc 2008
300 ## - PHYSICAL DESCRIPTION
Extent 528
942 ## - ADDED ENTRY ELEMENTS (KOHA)
Koha item type Books
Source of classification or shelving scheme
Holdings
Withdrawn status Lost status Damaged status Not for loan Permanent Location Current Location Date acquired Total Checkouts Full call number Barcode Checked out Date last seen Date checked out Price effective from Koha item type
        MAJU MAJU 2019-07-22 1 651.7 7318 2019-09-07 2019-08-31 2019-08-31 2019-07-22 Books

Powered by Koha